000 00644nam a2200169 i 4500
001 39572
003 ES-MaACL
005 20231221152301.0
007 t|
008 030303s1908 sp ||||1| spa d
100 1 _aCanalejas, José,
_d1854-1912
_934382
245 1 0 _aDiscursos y rectificaciones pronunciados por José Canalejas y Méndez en el Congreso de los Diputados los días, 4, 6, 7, 8, 9 y 10 de julio de 1908 con motivo de la suspensión del Ayuntamiento de Málaga y el caciquismo en aquella provincia.
260 _aMadrid :
_b[s.n.],
_c1908.
300 _a1 v.
852 _aES-MaACL
_j1633-F-7
999 _c39572
_d39572